[Event "Icelandic Team Championship 2021"]
[Site "Reykjavik"]
[Date "2021.10.02"]
[Round "4.20"]
[White "Storme, Isak"]
[Black "Bjornsson, Tomas"]
[Result "1/2-1/2"]
[WhiteElo "2304"]
[BlackElo "2175"]

1. d4 {[%clk 01:30:52]} {[%emt 00:00:07]} Nf6 {[%clk 01:30:39]} {[%emt
00:00:22]} 2. Bf4 {[%clk 01:31:15]} {[%emt 00:00:06]} g6 {[%clk 01:29:48]}
{[%emt 00:01:22]} 3. Nc3 {[%clk 01:31:36]} {[%emt 00:00:09]} Bg7 {[%clk
01:28:41]} {[%emt 00:01:37]} 4. e4 {[%clk 01:31:51]} {[%emt 00:00:15]} d6
{[%clk 01:28:55]} {[%emt 00:00:15]} 5. Nf3 {[%clk 01:32:12]} {[%emt 00:00:09]}
O-O {[%clk 01:29:09]} {[%emt 00:00:16]} 6. Qd2 {[%clk 01:32:32]} {[%emt
00:00:11]} c6 {[%clk 01:26:15]} {[%emt 00:03:23]} 7. Bh6 {[%clk 01:30:31]}
{[%emt 00:02:32]} b5 {[%clk 01:20:14]} {[%emt 00:06:30]} 8. Bxg7 {[%clk
01:27:56]} {[%emt 00:03:04]} Kxg7 {[%clk 01:20:38]} {[%emt 00:00:06]} 9. Bd3
{[%clk 01:26:07]} {[%emt 00:02:18]} Bg4 {[%clk 01:17:36]} {[%emt 00:03:33]} 10.
O-O-O {[%clk 01:21:28]} {[%emt 00:05:10]} Bxf3 {[%clk 00:58:43]} {[%emt
00:19:22]} 11. gxf3 {[%clk 01:21:29]} {[%emt 00:00:29]} e5 {[%clk 00:59:06]}
{[%emt 00:00:07]} 12. Ne2 {[%clk 01:15:33]} {[%emt 00:06:26]} Nh5 {[%clk
00:51:35]} {[%emt 00:08:00]} 13. dxe5 {[%clk 01:13:17]} {[%emt 00:02:46]} dxe5
{[%clk 00:51:58]} {[%emt 00:00:07]} 14. f4 {[%clk 01:12:57]} {[%emt 00:00:50]}
Nxf4 {[%clk 00:48:25]} {[%emt 00:04:02]} 15. Nxf4 {[%clk 01:13:16]} {[%emt
00:00:11]} exf4 {[%clk 00:48:51]} {[%emt 00:00:05]} 16. Qxf4 {[%clk 01:13:19]}
{[%emt 00:00:27]} Qe7 {[%clk 00:48:55]} {[%emt 00:00:26]} 17. h4 {[%clk
01:09:43]} {[%emt 00:04:06]} Nd7 {[%clk 00:36:36]} {[%emt 00:12:48]} 18. h5
{[%clk 01:08:21]} {[%emt 00:01:52]} Nc5 {[%clk 00:35:57]} {[%emt 00:01:09]} 19.
Kb1 {[%clk 00:58:09]} {[%emt 00:10:42]} Rad8 {[%clk 00:34:54]} {[%emt
00:01:32]} 20. Rdg1 {[%clk 00:53:10]} {[%emt 00:05:29]} Nxd3 {[%clk 00:29:16]}
{[%emt 00:06:09]} 21. cxd3 {[%clk 00:53:16]} {[%emt 00:00:24]} Rxd3 {[%clk
00:20:35]} {[%emt 00:09:12]} 22. hxg6 {[%clk 00:49:32]} {[%emt 00:04:14]} fxg6
{[%clk 00:11:17]} {[%emt 00:09:47]} 23. Qh6+ {[%clk 00:49:39]} {[%emt
00:00:23]} Kh8 {[%clk 00:11:42]} {[%emt 00:00:05]} 24. Qxg6 {[%clk 00:43:42]}
{[%emt 00:06:27]} Rd2 {[%clk 00:11:03]} {[%emt 00:01:08]} 25. f4 {[%clk
00:27:12]} {[%emt 00:17:00]} Rxb2+ {[%clk 00:08:32]} {[%emt 00:03:01]} 26. Kxb2
{[%clk 00:27:26]} {[%emt 00:00:17]} Qb4+ {[%clk 00:08:56]} {[%emt 00:00:05]} 27.
Ka1 {[%clk 00:27:00]} {[%emt 00:00:56]} Qc3+ {[%clk 00:09:16]} {[%emt
00:00:10]} 28. Kb1 {[%clk 00:27:24]} {[%emt 00:00:07]} Qb4+ {[%clk 00:07:38]}
{[%emt 00:02:07]} 29. Ka1 {[%clk 00:27:44]} {[%emt 00:00:10]} Qc3+ {[%clk
00:08:04]} {[%emt 00:00:04]} 30. Kb1 {[%clk 00:28:09]} {[%emt 00:00:05]} Qb4+
{[%clk 00:08:30]} {[%emt 00:00:03]} 31. Ka1 {[%clk 00:28:34]} {[%emt 00:00:05]}
Qc3+ {[%clk 00:08:57]} {[%emt 00:00:03]} 32. Kb1 {[%clk 00:28:59]} {[%emt
00:00:05]} 1/2-1/2

[Event "Icelandic Team Championship 2021"]
[Site "Reykjavik"]
[Date "2021.10.02"]
[Round "4.21"]
[White "Petursson, Gudni"]
[Black "Petersson, Baldur Teodor"]
[Result "0-1"]
[WhiteElo "2016"]
[BlackElo "2214"]

1. d4 {[%clk 01:29:47]} {[%emt 00:01:13]} d5 {[%clk 01:30:41]} {[%emt
00:00:19]} 2. Bf4 {[%clk 01:29:24]} {[%emt 00:00:52]} Nf6 {[%clk 01:31:00]}
{[%emt 00:00:13]} 3. e3 {[%clk 01:28:56]} {[%emt 00:00:57]} c5 {[%clk
01:31:11]} {[%emt 00:00:20]} 4. c3 {[%clk 01:29:22]} {[%emt 00:00:04]} Nc6
{[%clk 01:30:38]} {[%emt 00:01:02]} 5. Nd2 {[%clk 01:27:14]} {[%emt 00:02:38]}
Qb6 {[%clk 01:30:35]} {[%emt 00:00:32]} 6. Qb3 {[%clk 01:27:37]} {[%emt
00:00:07]} c4 {[%clk 01:31:00]} {[%emt 00:00:06]} 7. Qc2 {[%clk 01:27:45]}
{[%emt 00:00:22]} g6 {[%clk 01:28:41]} {[%emt 00:02:49]} 8. Ngf3 {[%clk
01:27:38]} {[%emt 00:00:36]} Bf5 {[%clk 01:28:07]} {[%emt 00:01:04]} 9. Qc1
{[%clk 01:28:03]} {[%emt 00:00:06]} Rc8 {[%clk 01:26:45]} {[%emt 00:01:51]} 10.
Be2 {[%clk 01:26:20]} {[%emt 00:02:12]} h6 {[%clk 01:25:38]} {[%emt 00:01:38]}
11. O-O {[%clk 01:26:12]} {[%emt 00:00:38]} g5 {[%clk 01:23:23]} {[%emt
00:02:45]} 12. Bg3 {[%clk 01:26:03]} {[%emt 00:00:38]} Rg8 {[%clk 01:23:25]}
{[%emt 00:00:29]} 13. Ne5 {[%clk 01:23:13]} {[%emt 00:03:20]} h5 {[%clk
01:23:15]} {[%emt 00:00:40]} 14. Nxc6 {[%clk 01:22:21]} {[%emt 00:01:23]} Qxc6
{[%clk 01:23:07]} {[%emt 00:00:37]} 15. Be5 {[%clk 01:16:56]} {[%emt 00:05:54]}
Bh6 {[%clk 01:17:54]} {[%emt 00:05:43]} 16. Bxf6 {[%clk 01:17:01]} {[%emt
00:00:25]} Qxf6 {[%clk 01:18:16]} {[%emt 00:00:08]} 17. b3 {[%clk 01:07:45]}
{[%emt 00:09:46]} cxb3 {[%clk 01:12:02]} {[%emt 00:06:45]} 18. axb3 {[%clk
01:08:08]} {[%emt 00:00:07]} g4 {[%clk 01:11:38]} {[%emt 00:00:54]} 19. Rxa7
{[%clk 01:06:53]} {[%emt 00:01:46]} h4 {[%clk 00:59:36]} {[%emt 00:12:31]} 20.
g3 {[%clk 01:06:57]} {[%emt 00:00:26]} Bg5 {[%clk 00:59:00]} {[%emt 00:01:06]}
21. Kg2 {[%clk 01:05:23]} {[%emt 00:02:04]} Qh6 {[%clk 00:50:10]} {[%emt
00:09:20]} 22. Rh1 {[%clk 01:04:46]} {[%emt 00:01:07]} Rg6 {[%clk 00:50:11]}
{[%emt 00:00:28]} 23. c4 {[%clk 01:02:28]} {[%emt 00:02:49]} Bxe3 {[%clk
00:45:30]} {[%emt 00:05:11]} 24. fxe3 {[%clk 01:02:51]} {[%emt 00:00:06]} Qxe3
{[%clk 00:45:54]} {[%emt 00:00:07]} 25. Re1 {[%clk 01:02:44]} {[%emt 00:00:36]}
h3+ {[%clk 00:46:00]} {[%emt 00:00:24]} 26. Kh1 {[%clk 01:03:03]} {[%emt
00:00:11]} Be4+ {[%clk 00:46:21]} {[%emt 00:00:09]} 0-1

[Event "Icelandic Team Championship 2021"]
[Site "Reykjavik"]
[Date "2021.10.02"]
[Round "4.22"]
[White "Edvardsson, Kristjan"]
[Black "Sigurjonsson, Stefan Th."]
[Result "1-0"]
[WhiteElo "2201"]
[BlackElo "2088"]

1. d4 {[%clk 01:30:56]} {[%emt 00:00:04]} d5 {[%clk 01:28:53]} {[%emt
00:02:08]} 2. c4 {[%clk 01:31:08]} {[%emt 00:00:18]} e6 {[%clk 01:29:09]}
{[%emt 00:00:14]} 3. Nf3 {[%clk 01:31:22]} {[%emt 00:00:17]} Nf6 {[%clk
01:29:09]} {[%emt 00:00:30]} 4. g3 {[%clk 01:31:35]} {[%emt 00:00:17]} c6
{[%clk 01:27:24]} {[%emt 00:02:16]} 5. Bg2 {[%clk 01:31:42]} {[%emt 00:00:21]}
Bd6 {[%clk 01:27:44]} {[%emt 00:00:11]} 6. O-O {[%clk 01:30:59]} {[%emt
00:01:13]} Nbd7 {[%clk 01:28:01]} {[%emt 00:00:14]} 7. Qc2 {[%clk 01:30:50]}
{[%emt 00:00:38]} O-O {[%clk 01:28:12]} {[%emt 00:00:19]} 8. Nbd2 {[%clk
01:29:52]} {[%emt 00:01:27]} b6 {[%clk 01:24:37]} {[%emt 00:04:05]} 9. Rd1
{[%clk 01:22:15]} {[%emt 00:08:07]} Bb7 {[%clk 01:22:02]} {[%emt 00:03:05]} 10.
e4 {[%clk 01:21:31]} {[%emt 00:01:14]} dxe4 {[%clk 01:21:16]} {[%emt 00:01:17]}
11. Ng5 {[%clk 01:18:14]} {[%emt 00:03:46]} Qe7 {[%clk 01:11:22]} {[%emt
00:10:24]} 12. Ndxe4 {[%clk 01:17:28]} {[%emt 00:01:16]} Nxe4 {[%clk 01:08:26]}
{[%emt 00:03:26]} 13. Bxe4 {[%clk 01:12:29]} {[%emt 00:05:29]} f5 {[%clk
01:06:27]} {[%emt 00:02:29]} 14. Bg2 {[%clk 01:12:08]} {[%emt 00:00:50]} h6
{[%clk 01:02:57]} {[%emt 00:04:01]} 15. Nh3 {[%clk 01:04:15]} {[%emt 00:08:22]}
g5 {[%clk 00:58:23]} {[%emt 00:05:04]} 16. c5 {[%clk 00:56:49]} {[%emt
00:07:55]} bxc5 {[%clk 00:53:38]} {[%emt 00:05:15]} 17. dxc5 {[%clk 00:56:56]}
{[%emt 00:00:24]} Bxc5 {[%clk 00:52:26]} {[%emt 00:01:41]} 18. b3 {[%clk
00:55:28]} {[%emt 00:01:59]} Nf6 {[%clk 00:44:42]} {[%emt 00:08:13]} 19. Bb2
{[%clk 00:53:48]} {[%emt 00:02:09]} Nd5 {[%clk 00:44:29]} {[%emt 00:00:44]} 20.
Qe2 {[%clk 00:52:55]} {[%emt 00:01:22]} Kh7 {[%clk 00:39:39]} {[%emt 00:05:21]}
21. Re1 {[%clk 00:51:53]} {[%emt 00:01:32]} Rae8 {[%clk 00:39:40]} {[%emt
00:00:29]} 22. Qh5 {[%clk 00:51:57]} {[%emt 00:00:26]} Rg8 {[%clk 00:38:14]}
{[%emt 00:01:56]} 23. Rac1 {[%clk 00:50:19]} {[%emt 00:02:07]} Bb4 {[%clk
00:36:29]} {[%emt 00:02:15]} 24. f4 {[%clk 00:40:44]} {[%emt 00:10:06]} gxf4
{[%clk 00:34:15]} {[%emt 00:02:45]} 25. gxf4 {[%clk 00:41:09]} {[%emt
00:00:05]} Nf6 {[%clk 00:23:30]} {[%emt 00:11:14]} 26. Qh4 {[%clk 00:37:51]}
{[%emt 00:03:48]} Bxe1 {[%clk 00:21:34]} {[%emt 00:02:26]} 27. Rxe1 {[%clk
00:37:55]} {[%emt 00:00:26]} Ne4 {[%clk 00:20:20]} {[%emt 00:01:44]} 28. Qh5
{[%clk 00:37:44]} {[%emt 00:00:41]} c5 {[%clk 00:19:05]} {[%emt 00:01:45]} 29.
Rxe4 {[%clk 00:34:37]} {[%emt 00:03:37]} Rxg2+ {[%clk 00:09:35]} {[%emt
00:10:00]} 30. Kxg2 {[%clk 00:35:03]} {[%emt 00:00:04]} Bxe4+ {[%clk 00:06:11]}
{[%emt 00:03:54]} 31. Kf2 {[%clk 00:34:42]} {[%emt 00:00:50]} Rg8 {[%clk
00:03:00]} {[%emt 00:03:42]} 32. Ng5+ {[%clk 00:35:07]} {[%emt 00:00:05]} Rxg5
{[%clk 00:03:20]} {[%emt 00:00:09]} 33. fxg5 {[%clk 00:35:28]} {[%emt
00:00:09]} e5 {[%clk 00:03:19]} {[%emt 00:00:31]} 34. Qxh6+ {[%clk 00:34:31]}
{[%emt 00:01:28]} Kg8 {[%clk 00:03:48]} {[%emt 00:00:01]} 35. Qg6+ {[%clk
00:32:01]} {[%emt 00:02:59]} Kf8 {[%clk 00:03:22]} {[%emt 00:00:55]} 36. Ba3
{[%clk 00:30:31]} {[%emt 00:02:00]} Bb1 {[%clk 00:01:58]} {[%emt 00:01:54]} 37.
h4 {[%clk 00:29:00]} {[%emt 00:02:02]} Bxa2 {[%clk 00:01:21]} {[%emt 00:01:07]}
38. Qc6 {[%clk 00:27:19]} {[%emt 00:02:11]} Kg8 {[%clk 00:01:11]} {[%emt
00:00:40]} 39. Bxc5 {[%clk 00:26:36]} {[%emt 00:01:13]} Qf7 {[%clk 00:01:21]}
{[%emt 00:00:20]} 40. b4 {[%clk 00:20:49]} {[%emt 00:06:17]} Bb1 {[%clk
00:00:57]} {[%emt 00:00:54]} 41. Qd6 {[%clk 00:20:26]} {[%emt 00:00:53]} Be4
{[%clk 00:00:51]} {[%emt 00:00:36]} 42. Ke1 {[%clk 00:19:48]} {[%emt 00:01:08]}
Qa2 {[%clk 00:00:49]} {[%emt 00:00:32]} 43. Qg6+ {[%clk 00:19:14]} {[%emt
00:01:04]} Kh8 {[%clk 00:01:17]} {[%emt 00:00:03]} 44. Qe8+ {[%clk 00:19:05]}
{[%emt 00:00:37]} Kh7 {[%clk 00:01:24]} {[%emt 00:00:23]} 45. g6+ {[%clk
00:12:26]} {[%emt 00:07:09]} Kh6 {[%clk 00:01:04]} {[%emt 00:00:51]} 46. Be3+
{[%clk 00:12:33]} {[%emt 00:00:23]} f4 {[%clk 00:00:52]} {[%emt 00:00:42]} 47.
Bxf4+ {[%clk 00:12:56]} {[%emt 00:00:07]} exf4 {[%clk 00:01:03]} {[%emt
00:00:20]} 48. Qxe4 {[%clk 00:13:17]} {[%emt 00:00:09]} Qh2 {[%clk 00:01:03]}
{[%emt 00:00:30]} 49. Qe7 {[%clk 00:11:54]} {[%emt 00:01:53]} Kxg6 {[%clk
00:01:20]} {[%emt 00:00:13]} 50. Qg5+ {[%clk 00:12:01]} {[%emt 00:00:22]} Kh7
{[%clk 00:01:13]} {[%emt 00:00:37]} 51. h5 {[%clk 00:09:32]} {[%emt 00:03:00]}
Qh1+ {[%clk 00:00:45]} {[%emt 00:00:59]} 52. Kf2 {[%clk 00:09:45]} {[%emt
00:00:15]} Qe4 {[%clk 00:01:08]} {[%emt 00:00:08]} 53. Qc5 {[%clk 00:09:09]}
{[%emt 00:01:06]} a6 {[%clk 00:00:42]} {[%emt 00:00:56]} 54. Qa7+ {[%clk
00:09:18]} {[%emt 00:00:20]} Kh6 {[%clk 00:01:05]} {[%emt 00:00:09]} 55. Qxa6+
{[%clk 00:09:36]} {[%emt 00:00:12]} Kxh5 {[%clk 00:01:30]} {[%emt 00:00:05]} 56.
Qe2+ {[%clk 00:09:38]} {[%emt 00:00:28]} Qxe2+ {[%clk 00:01:38]} {[%emt
00:00:22]} 57. Kxe2 {[%clk 00:10:03]} {[%emt 00:00:05]} 1-0

[Event "Icelandic Team Championship 2021"]
[Site "Reykjavik"]
[Date "2021.10.02"]
[Round "4.23"]
[White "Palsson, Halldor"]
[Black "Ptacnikova, Lenka"]
[Result "0-1"]
[WhiteElo "1978"]
[BlackElo "2127"]

1. d4 {[%clk 01:30:44]} {[%emt 00:00:16]} Nf6 {[%clk 01:30:54]} {[%emt
00:00:06]} 2. c4 {[%clk 01:31:08]} {[%emt 00:00:06]} e6 {[%clk 01:31:14]}
{[%emt 00:00:11]} 3. Nc3 {[%clk 01:31:30]} {[%emt 00:00:08]} Bb4 {[%clk
01:31:39]} {[%emt 00:00:04]} 4. Bd2 {[%clk 01:31:54]} {[%emt 00:00:06]} d5
{[%clk 01:30:19]} {[%emt 00:01:51]} 5. e3 {[%clk 01:31:26]} {[%emt 00:00:58]}
O-O {[%clk 01:30:29]} {[%emt 00:00:19]} 6. Nf3 {[%clk 01:25:05]} {[%emt
00:06:52]} c6 {[%clk 01:25:35]} {[%emt 00:05:24]} 7. Bd3 {[%clk 01:20:50]}
{[%emt 00:04:44]} Nbd7 {[%clk 01:25:45]} {[%emt 00:00:21]} 8. a3 {[%emt
00:13:31]} Bd6 {[%clk 01:20:51]} {[%emt 00:01:03]} 9. Qc2 {[%clk 00:52:48]}
{[%emt 00:19:51]} dxc4 {[%clk 01:14:59]} {[%emt 00:06:23]} 10. Bxc4 {[%clk
00:52:34]} {[%emt 00:00:44]} e5 {[%clk 01:14:35]} {[%emt 00:00:55]} 11. Ne4
{[%clk 00:21:54]} {[%emt 00:31:09]} Nxe4 {[%clk 01:09:16]} {[%emt 00:05:49]} 12.
Qxe4 {[%clk 00:22:17]} {[%emt 00:00:06]} Nf6 {[%clk 01:04:32]} {[%emt
00:05:15]} 13. Qc2 {[%clk 00:22:16]} {[%emt 00:00:31]} e4 {[%clk 01:04:09]}
{[%emt 00:00:53]} 14. Ne5 {[%clk 00:13:48]} {[%emt 00:08:57]} Qe7 {[%clk
01:02:52]} {[%emt 00:01:47]} 15. Bc3 {[%clk 00:13:51]} {[%emt 00:00:27]} Be6
{[%clk 01:00:13]} {[%emt 00:03:10]} 16. Qb3 {[%clk 00:13:32]} {[%emt 00:00:48]}
Nd5 {[%emt 00:11:03]} 17. Qd1 {[%clk 00:01:46]} {[%emt 00:02:19]} f6 {[%clk
00:51:54]} {[%emt 00:08:13]} 18. Bxd5 {[%clk 00:01:20]} {[%emt 00:00:57]} cxd5
{[%clk 00:51:29]} {[%emt 00:00:54]} 19. Ng4 {[%clk 00:01:03]} {[%emt 00:00:46]}
h5 {[%clk 00:51:43]} {[%emt 00:00:17]} 20. Ne5 {[%clk 00:00:35]} {[%emt
00:00:58]} fxe5 {[%clk 00:51:26]} {[%emt 00:00:47]} 21. dxe5 {[%clk 00:00:47]}
{[%emt 00:00:18]} Qf7 {[%clk 00:50:46]} {[%emt 00:01:09]} 22. O-O {[%clk
00:00:33]} {[%emt 00:00:45]} Bc5 {[%clk 00:50:36]} {[%emt 00:00:38]} 23. Rc1
{[%clk 00:00:44]} {[%emt 00:00:21]} Rac8 {[%clk 00:50:49]} {[%emt 00:00:17]} 24.
b4 {[%clk 00:00:45]} {[%emt 00:00:29]} Bb6 {[%clk 00:50:52]} {[%emt 00:00:27]}
25. Qd2 {[%clk 00:00:37]} {[%emt 00:00:37]} Qg6 {[%clk 00:45:53]} {[%emt
00:05:30]} 26. Kh1 {[%clk 00:00:43]} {[%emt 00:00:24]} h4 {[%clk 00:44:53]}
{[%emt 00:01:30]} 27. h3 {[%clk 00:01:00]} {[%emt 00:00:13]} Qf7 {[%clk
00:44:19]} {[%emt 00:01:04]} 28. Kh2 {[%clk 00:00:35]} {[%emt 00:00:55]} Rc4
{[%clk 00:44:15]} {[%emt 00:00:34]} 29. f4 {[%clk 00:00:31]} {[%emt 00:00:34]}
Qg6 {[%clk 00:41:55]} {[%emt 00:02:50]} 30. Qf2 {[%clk 00:00:47]} {[%emt
00:00:14]} Qg3+ {[%clk 00:41:55]} {[%emt 00:00:30]} 31. Qxg3 {[%clk 00:00:46]}
{[%emt 00:00:31]} hxg3+ {[%clk 00:42:21]} {[%emt 00:00:04]} 32. Kxg3 {[%clk
00:00:53]} {[%emt 00:00:23]} Bxe3 {[%clk 00:42:43]} {[%emt 00:00:08]} 33. Rc2
{[%clk 00:00:46]} {[%emt 00:00:37]} d4 {[%clk 00:42:39]} {[%emt 00:00:34]} 0-1

[Event "Icelandic Team Championship 2021"]
[Site "Reykjavik"]
[Date "2021.10.02"]
[Round "4.24"]
[White "Halldorsson, Bragi"]
[Black "Baldursson, Haraldur"]
[Result "1/2-1/2"]
[WhiteElo "2079"]
[BlackElo "1894"]

1. d4 {[%clk 01:30:52]} {[%emt 00:00:08]} Nf6 {[%clk 01:30:42]} {[%emt
00:00:18]} 2. c4 {[%clk 01:31:11]} {[%emt 00:00:11]} e6 {[%clk 01:31:06]}
{[%emt 00:00:07]} 3. Nc3 {[%clk 01:31:33]} {[%emt 00:00:08]} d5 {[%clk
01:31:30]} {[%emt 00:00:06]} 4. Bg5 {[%clk 01:31:52]} {[%emt 00:00:11]} Nbd7
{[%clk 01:31:46]} {[%emt 00:00:13]} 5. e3 {[%clk 01:32:08]} {[%emt 00:00:14]}
Be7 {[%clk 01:31:55]} {[%emt 00:00:23]} 6. Nf3 {[%clk 01:32:20]} {[%emt
00:00:17]} c6 {[%clk 01:31:51]} {[%emt 00:00:34]} 7. Rc1 {[%clk 01:32:30]}
{[%emt 00:00:20]} O-O {[%clk 01:31:03]} {[%emt 00:01:18]} 8. Qc2 {[%clk
01:32:27]} {[%emt 00:00:32]} Re8 {[%clk 01:29:37]} {[%emt 00:01:57]} 9. Be2
{[%clk 01:32:28]} {[%emt 00:00:27]} Nf8 {[%clk 01:27:22]} {[%emt 00:02:46]} 10.
O-O {[%clk 01:32:19]} {[%emt 00:00:39]} Ng6 {[%clk 01:20:09]} {[%emt 00:07:43]}
11. Rfd1 {[%clk 01:32:14]} {[%emt 00:00:35]} dxc4 {[%clk 01:02:14]} {[%emt
00:18:26]} 12. Bxc4 {[%clk 01:32:23]} {[%emt 00:00:20]} Nd5 {[%clk 01:02:06]}
{[%emt 00:00:38]} 13. Bxe7 {[%clk 01:32:21]} {[%emt 00:00:31]} Qxe7 {[%clk
01:02:10]} {[%emt 00:00:27]} 14. e4 {[%clk 01:31:45]} {[%emt 00:01:06]} Ndf4
{[%clk 00:58:26]} {[%emt 00:04:15]} 15. Qd2 {[%clk 01:28:54]} {[%emt 00:03:20]}
e5 {[%clk 00:53:36]} {[%emt 00:05:21]} 16. dxe5 {[%clk 01:18:38]} {[%emt
00:10:46]} Bg4 {[%clk 00:39:44]} {[%emt 00:14:22]} 17. Qe3 {[%clk 01:15:13]}
{[%emt 00:03:53]} Nxg2 {[%clk 00:31:47]} {[%emt 00:08:28]} 18. Kxg2 {[%clk
01:12:19]} {[%emt 00:03:25]} Bxf3+ {[%clk 00:32:01]} {[%emt 00:00:16]} 19. Kxf3
{[%clk 01:12:24]} {[%emt 00:00:24]} Nxe5+ {[%clk 00:32:16]} {[%emt 00:00:15]}
20. Kg2 {[%clk 01:09:02]} {[%emt 00:03:52]} Nxc4 {[%clk 00:31:55]} {[%emt
00:00:51]} 21. Qe2 {[%clk 01:08:45]} {[%emt 00:00:46]} Ne5 {[%clk 00:30:16]}
{[%emt 00:02:10]} 22. Qe3 {[%clk 01:05:52]} {[%emt 00:03:22]} Qe6 {[%clk
00:27:59]} {[%emt 00:02:48]} 23. b3 {[%clk 01:04:45]} {[%emt 00:01:37]} Rad8
{[%clk 00:19:07]} {[%emt 00:09:23]} 24. h3 {[%clk 01:01:58]} {[%emt 00:03:17]}
Qg6+ {[%clk 00:17:40]} {[%emt 00:01:56]} 25. Qg3 {[%clk 01:01:42]} {[%emt
00:00:45]} Qxg3+ {[%clk 00:15:32]} {[%emt 00:02:39]} 26. Kxg3 {[%clk 01:01:43]}
{[%emt 00:00:29]} Kf8 {[%clk 00:14:52]} {[%emt 00:01:11]} 27. f4 {[%clk
01:01:21]} {[%emt 00:00:50]} Nd3 {[%clk 00:13:32]} {[%emt 00:01:51]} 28. Rc2
{[%clk 01:00:53]} {[%emt 00:00:57]} Ke7 {[%clk 00:12:03]} {[%emt 00:01:59]} 29.
Kf3 {[%clk 00:59:36]} {[%emt 00:01:44]} Rd7 {[%clk 00:09:16]} {[%emt 00:03:20]}
30. Ke3 {[%clk 00:58:26]} {[%emt 00:01:39]} Red8 {[%clk 00:09:19]} {[%emt
00:00:28]} 31. Rcd2 {[%clk 00:57:40]} {[%emt 00:01:16]} Nb4 {[%clk 00:09:08]}
{[%emt 00:00:39]} 32. Kd4 {[%emt 00:01:20]} 1/2-1/2

[ePGN "0.1;DGT LiveChess/2.2.5"]